| 000 | 00778nam a22002177a 4500 | ||
|---|---|---|---|
| 005 | 20141121114417.0 | ||
| 010 | _aENG-111223 | ||
| 020 |
_a9780198098959 _c875.00 |
||
| 020 |
_a0198098952 _c875.00 |
||
| 035 | _aEN-94755 | ||
| 037 | _bDBAD/PUB | ||
| 082 | _a304.20954 | ||
| 245 |
_aShifting ground : _cedited by Mahesh Rangarajan [and] K. Sivaramakrishnan _bpeople, animals and mobility in India's environmental history / |
||
| 260 |
_aNew Delhi _bOxford University Press _c2014 |
||
| 270 |
_aYMCA Library building, 1 Jai Singh Road _bNew Delhi _e110001 |
||
| 300 |
_aviii,310p. _c23cm(Hb) |
||
| 500 | _aIncludes bibliographical references and index | ||
| 700 | _aRangarajan, Mahesh | ||
| 700 | _aSivaramakrishnan, K. | ||
| 942 |
_2ddc _cEN _mSHI _h304.20954 |
||
| 999 |
_c90030 _d90030 |
||